000 00380cam a2200157ua 4500
003 OSt
008 241218b |||||||| |||| 00| 0 eng d
020 _a8174091734
082 _a621.31042
_bBIM/EL
100 _aBimbhra, P S .
_96503
245 _aElectrical machinery /
250 _a4 /
260 _aDelhi :
_bKhanna publishers ,
_c1995.
300 _a1031 ; .
942 _cBK
999 _c7342
_d7342